| 000 | 01090nam a22002415i 4500 | ||
|---|---|---|---|
| 001 | 153370 | ||
| 003 | ES-MaACL | ||
| 005 | 20250724015106.0 | ||
| 008 | 991015s1799 sp |||| | spa d | ||
| 040 |
_aCAV _bspa _cCAV |
||
| 100 | 0 |
_aCullen, William. _942144 |
|
| 245 | 1 | 0 |
_aElementos de medicina practica / _cdel doctor Guillermo Cullen ... ; traducidos al frances de la quarta y última edicion inglesa por el doctor Bosquillon ; y del frances al castellano por ... D. Bartolome Piñera y Siles ... ; tomo primero. |
| 250 | _aTercera edicion corregida y emendada. | ||
| 260 |
_aMadrid : _ben la Imprenta de Don Benito Cano, _c1799. |
||
| 300 |
_a[2], LXXXVI, 460 p. ; _c4º. |
||
| 597 | _aSign.: A-L4, A-Z4, 2A-2Z4, 3A-3L4, 3M2. | ||
| 650 | 0 | 4 |
_aMedicina- _vObras anteriores a 1800 _914912 |
| 700 | 1 |
_aBosquillon, Édouard-François-Marie. _9155178 |
|
| 700 | 1 |
_aPiñera y Siles, Bartolomé. _992271 |
|
| 852 |
_aES-MaACL _jR-1394 _z-- Enc. pasta española _z-- Ex-libris de Mateo Seoane _x-- Olim: G-14567 |
||
| 999 |
_c153370 _d153370 |
||